000 00276cam a2200109ua 4500
082 _a828.09
_bDOB/RE
100 _aDobree, Benamy .
_91933
245 _aRestoration Comedy 1660-1720 /
260 _aLondon :
_bOxford University Press ,
_c1962.
300 _a182 ; .
942 _cBK
999 _c3985
_d3985